| 000 | 00330nam a2200133Ia 4500 | ||
|---|---|---|---|
| 005 | 20260328101451.0 | ||
| 008 | 260328s9999||||xx |||||||||||||| ||und|| | ||
| 100 | _aCollins, Brad | ||
| 245 | 0 |
_aAntoine Predock Architect 3 : _b Houses / _cBrad Collins |
|
| 260 | _bRizzoli | ||
| 300 | _a194 p. | ||
| 650 | _aARQUITECTOS | ||
| 942 | _cBK | ||
| 999 |
_c8647 _d8647 |
||